LEADER 01701nam a2200313 u 4500 001 000000021615 003 CaOOAMICUS 005 20070226111031.0 008 950328s1978 be u000 u eng u 035 $a10536792 040 $aBAV$bita$dIPA$dEFR 041 1 $aeng$asyr 100 0 $aPhiloxenus,$cvesc. di Hierapolis,$dm. c. 523.$0(OLS)http://pul/name/18530 245 10$aFragments of the Commentary on Matthew and Luke /$cPhiloxenus of Mabbug ; edited [-translated] by J.W. Watt. 260 $aLouvain :$bSecrétariat du CorpusSCO,$c1978. 300 $a2 v. ;$c25 cm 490 1 $aCorpus scriptorum Christianorum Orientalium ;$vv. 392-393.$aScriptores Syri ;$vt. 171-172 505 0 $at. 171. [Texte]. -- t. 172. [Traduction]. 630 04$aBiblia.$pN.T.$pLucas$xCommenti.$0(OLS)http://pul/subject/37891 630 04$aBiblia.$pN.T.$pMatthaeus$xCommenti.$0(OLS)http://pul/subject/37786 700 1 $aWatt, J. W.$q(John W.).$0(OLS)http://pul/name/15844 830 0$aCorpus scriptorum Christianorum Orientalium ;$vv. 392-393.$0(OLS)http://pul/title/40 830 0$aCorpus scriptorum Christianorum Orientalium.$pScriptores Syri ;$vt. 171-172.$0(OLS)http://pul/title/600 850 $aPUL 852 $aPUL$W1$xSL Religione 1$y3$m10(3) H 392-393$j30358$nBK-PRI$b $qStampati$B30358$CPULBib$Z2$F30358 $H89830-89831 $81 852 $aPUL$W1$xSL Religione 1$y3$m10(3) H 392-393$j30358$nBK-PRI$b $qStampati$B30359$CPULBib$Z2$F30359 $H89830-89831 $81 941 1 $a8 996 $6245$aFragments of the Commentary on Matthew and Luke$9(OLS)http://pul/title/30245 996 $6260$aLouvain :$bSecrétariat du CorpusSCO$9(OLS)http://pul/publisher/47859 LEADER 02137nam a2200457 a 4500 001 000000139625 003 CaOOAMICUS 005 20160420133106.0 008 140908m20142015vc u000 u ita r 020 $a978-88-401-7048-0 020 $a978-88-401-7053-4* (v.2) 032 $aLibriCat 040 $aPUL$bita 082 04$a231.3 100 1 $aGargano, Guido Innocenzo,$cO.S.B.Cam.$0(OLS)http://pul/name/36310 245 10$aLezioni di teologia trinitaria /$cGuido innocenzo Gargano. 260 $aCittà del Vaticano :$bUrbaniana University Press,$c©2014-2015. 300 $a2 v. ;$c24 cm 490 1 $aStrumenti di studio e ricerca ;$v39, 43 490 1 $aManuali. Teologia 504 $aBibliografia in nota. 505 10$a[V.1] Dalla lex orandi alla lex credendi.--v.2. Modi di contemplare il mistero 650 4$aTeologia trinitaria.$0(OLS)http://pul/subject/33274 740 02$aModi di contemplare il mistero. 740 02$aDalla lex orandi alla lex credendi. 830 0$aStrumenti di studio e ricerca ;$v39, 43.$0(OLS)http://pul/title/170985 830 0$aManuali (Urbaniana University Press).$pTeologia.$0(OLS)http://pul/title/144027 850 $aPUL 852 $aPUL$W1$xSL Religione 3$y85$m231. 3 GARGU 1$j161248$qDDC 21$B160717$CPULBib$Z2$F160717 $H124581 $81 852 $aPUL$W1$xSL Religione 3$y85$m231. 3 GARGU 2$j173896$qDDC 21$B176336$CPULBib$Z2$F176336 $H127094 $81 941 1 $a9 960 $aTrinità$933274 960 $aTrinità$933274 996 $6020$a978-88-401-7048-0 $9(OLS)http://pul/number/155934 996 $6020$a978-88-401-7053-4* (v.2)$9(OLS)http://pul/number/160307 996 $6082$a231.3$9(OLS)http://pul/classification/2274 996 $6740$aModi di contemplare il mistero$9(OLS)http://pul/title/190625 996 $6740$aDalla lex orandi alla lex credendi$9(OLS)http://pul/title/190624 996 $6245$aLezioni di teologia trinitaria$9(OLS)http://pul/title/176752 996 $6260$aCittà del Vaticano :$bUrbaniana University Press$9(OLS)http://pul/publisher/66922